Lectures on public economics

Na minha lista:
Detalhes bibliográficos
Autor principal: Atkinson, Anthony B.
Outros Autores: Stiglitz, Joseph E.
Formato: Livro
Idioma:inglês
Publicado em: Princeton Princeton University Press 2015
Assuntos:
Tags: Adicionar Tag
Sem tags, seja o primeiro a adicionar uma tag!

MARC

LEADER 00000nam a2200000 4500
001 0215349
005 20230109073105.6
020 |a 978-0-691-16641-4 
041 0 |a eng 
044 |a US 
245 1 0 |a Lectures on public economics  |c Anthony B. Atkinson, Joseph E. Stiglitz 
264 1 |a Princeton  |b Princeton University Press  |c 2015 
300 |a 532 s. 
610 2 0 |a ekonomika verejná 
610 2 0 |a sektor verejný 
610 2 0 |a domácnosti 
610 2 0 |a firmy 
610 2 0 |a zdaňovanie 
610 2 0 |a politika daňová 
610 2 0 |a modelovanie ekonometrické 
610 2 0 |a oceňovanie 
610 2 0 |a produkcia 
610 2 0 |a statky verejné 
610 2 0 |a financie verejné 
100 1 |a Atkinson, Anthony B. 
700 1 |a Stiglitz, Joseph E.